Informatika. Roč. 3-4/81
Saved in:
| Corporate Author: | |
|---|---|
| Format: | Book |
| Language: | Slovak |
| Published: |
Bratislava
Slov. ped. nakl.
1982
|
| Series: | Zborník Filozofickej fakulty Univerzity Komenského
|
| Tags: |
No Tags, Be the first to tag this record!
|
MARC
| LEADER | 00000nam a2200000 4500 | ||
|---|---|---|---|
| 001 | c136555 | ||
| 005 | 20221220100254.4 | ||
| 041 | 0 | |a slo | |
| 044 | |a SK | ||
| 245 | 1 | 0 | |a Informatika. Roč. 3-4/81 |
| 264 | 1 | |a Bratislava |b Slov. ped. nakl. |c 1982 | |
| 300 | |a 127 s. | ||
| 490 | 1 | |a Zborník Filozofickej fakulty Univerzity Komenského | |
| 830 | 0 | |a Zborník Filozofickej fakulty Univerzity Komenského | |
| 710 | 2 | |a Univerzita Komenského v Bratislave. Filozofická fakulta | |